[Event "Rated Blitz game"]
[Site "?"]
[Date "2021.06.17"]
[Round "?"]
[White "eduardo_tunguia"]
[Black "Sasap64"]
[Result "1-0"]
[WhiteElo "2435"]
[BlackElo "2393"]
[PlyCount "91"]
[EventDate "2021.??.??"]
[EventType "blitz"]

1. e4 e5 2. Nf3 Nc6 3. c3 Nf6 4. d3 d5 5. Qc2 d4 6. c4 a5 7. a3 Bc5 8. Be2 Bg4
9. Bg5 h6 10. Bh4 g5 11. Bg3 Qe7 12. h3 Bxf3 13. Bxf3 h5 14. Nd2 O-O-O 15.
O-O-O Rdg8 16. Be2 h4 17. Bh2 g4 18. hxg4 Nxg4 19. Bg1 Qf6 20. Bf3 h3 21. gxh3
Nh6 22. Bh2 Qe6 23. Kb1 Kb8 24. Nb3 Qd6 25. Nxc5 Qxc5 26. Rdg1 Qe7 27. Qd1 Qf6
28. Bg3 Rg7 29. Bg4 Nxg4 30. hxg4 Rhg8 31. f3 Nd8 32. Rh5 Nc6 33. Rgh1 Qe6 34.
Qa4 f6 35. Qb5 b6 36. b4 axb4 37. axb4 Kb7 38. Kb2 Ra8 39. Rh8 Rgg8 40. R8h7
Ra7 41. R1h6 Rga8 42. Rh1 Ra2+ 43. Kb1 Qd6 44. c5 Qe6 45. Qxb6+ Kc8 46. Qxc7# {
Normal} 1-0

[Event "Rated Blitz game"]
[Site "?"]
[Date "2021.06.17"]
[Round "?"]
[White "vascodiogo17"]
[Black "Babnik"]
[Result "1-0"]
[WhiteElo "2455"]
[BlackElo "2427"]
[PlyCount "65"]
[EventDate "2021.??.??"]
[EventType "blitz"]

1. e4 e5 2. Nf3 Nc6 3. c3 Nf6 4. d4 d5 5. dxe5 Nxe4 6. Be3 Bc5 7. Bxc5 Nxc5 8.
Nbd2 Bf5 9. Be2 Nd3+ 10. Bxd3 Bxd3 11. Nb3 Bg6 12. Qd2 O-O 13. O-O Re8 14. Rfe1
Bh5 15. Qf4 Bxf3 16. gxf3 Qe7 17. Qg3 a5 18. f4 a4 19. Nd2 a3 20. b3 Qc5 21.
Rac1 Re6 22. Kh1 Rg6 23. Qf3 Re8 24. Nf1 Qe7 25. Ng3 d4 26. f5 Rh6 27. f6 Nxe5
28. Qxb7 Qxf6 29. cxd4 Qh4 30. Qg2 Rhe6 31. dxe5 Rxe5 32. Rxe5 Rxe5 33. Qa8+ {
Normal} 1-0

[Event "Rated Blitz game"]
[Site "?"]
[Date "2021.06.17"]
[Round "?"]
[White "EN-J0Y"]
[Black "imaf_nozaf443"]
[Result "0-1"]
[WhiteElo "2365"]
[BlackElo "2406"]
[PlyCount "66"]
[EventDate "2021.??.??"]
[EventType "blitz"]

1. e4 e5 2. Nf3 Nc6 3. c3 Nf6 4. d3 d5 5. exd5 Qxd5 6. Be2 Bc5 7. O-O O-O 8. h3
Bf5 9. b4 Bb6 10. c4 Qe6 11. c5 Nxb4 12. cxb6 axb6 13. a3 Nc6 14. Nc3 Rfd8 15.
Bb2 h6 16. Re1 e4 17. Nh4 exd3 18. Bg4 Bxg4 19. Rxe6 Bxd1 20. Rxf6 gxf6 21.
Rxd1 Ne5 22. Nf5 Nc4 23. Ba1 Rxa3 24. Nxh6+ Kh7 25. Ng4 Kg6 26. f4 d2 27. Kf2
c6 28. f5+ Kxf5 29. Ne3+ Nxe3 30. Kxe3 b5 31. Rxd2 Rxd2 32. Kxd2 b4 33. g4+ Kg6
{Normal} 0-1

[Event "Rated Blitz game"]
[Site "?"]
[Date "2021.06.17"]
[Round "?"]
[White "Andrei196"]
[Black "DrTomQ"]
[Result "0-1"]
[WhiteElo "2389"]
[BlackElo "2406"]
[PlyCount "90"]
[EventDate "2021.??.??"]
[EventType "blitz"]

1. e4 e5 2. Nf3 Nc6 3. c3 d5 4. Qa4 Nf6 5. Nxe5 Bd7 6. Nxd7 Qxd7 7. exd5 Qxd5
8. d4 O-O-O 9. Qc4 Qe4+ 10. Be3 Ng4 11. Qd3 Qd5 12. Nd2 Be7 13. Qc4 Nxe3 14.
fxe3 Bh4+ 15. Kd1 Qd7 16. g3 Bg5 17. Bg2 Bxe3 18. Re1 Rhe8 19. Bxc6 Qxc6 20.
Qxc6 bxc6 21. Kc2 c5 22. dxc5 Rxd2+ 23. Kb3 Rdd8 24. Kc4 Bf2 25. Rf1 Rd2 26. b4
Ree2 27. Rad1 Rxd1 28. Rxd1 Rxa2 29. Rf1 h5 30. Kb5 g5 31. Rd1 Re2 32. Rd5 f6
33. Rf5 Kd7 34. Rxf6 Bg1 35. Rf7+ Kd8 36. Rf8+ Ke7 37. Rh8 Bxh2 38. Rh7+ Kf6
39. Rxc7 Bxg3 40. Rxa7 h4 41. Rh7 Re7 42. Rh8 Kg7 43. Rd8 h3 44. Rd1 Re1 45. c6
Rxd1 {Normal} 0-1

[Event "Rated Blitz tournament QgEHcooU"]
[Site "?"]
[Date "2021.06.17"]
[Round "?"]
[White "Avakian_Arkadii"]
[Black "deadpool14"]
[Result "0-1"]
[WhiteElo "2453"]
[BlackElo "2522"]
[PlyCount "86"]
[EventDate "2021.??.??"]
[EventType "blitz"]

1. e4 e5 2. Nf3 Nc6 3. c3 d5 4. d4 dxe4 5. Nxe5 Nxe5 6. dxe5 Qxd1+ 7. Kxd1 Bg4+
8. Be2 O-O-O+ 9. Ke1 Bxe2 10. Kxe2 Ne7 11. Bf4 Ng6 12. Bg3 h5 13. h3 h4 14. Bh2
Bc5 15. Nd2 Bxf2 16. Nxe4 Bb6 17. Rad1 Rde8 18. Rhf1 Nxe5 19. Bxe5 Rxe5 20. Kf3
Rhe8 21. Nd2 f5 22. Nc4 Re2 23. Rd2 Rxd2 24. Nxd2 g5 25. Nc4 Bc5 26. b4 Re4 27.
Nd2 Rf4+ 28. Ke2 Rxf1 29. Kxf1 Be7 30. Ke2 Bf6 31. Kd3 Kd7 32. Nf3 Kd6 33. c4
c5 34. a3 b6 35. b5 Ke6 36. a4 g4 37. Nh2 Be5 38. Nf1 Bf4 39. Ke2 Ke5 40. Kd3
Ke6 41. Ke2 Kd6 42. Kd3 Ke5 43. Ke2 Kd4 {Normal} 0-1

[Event "Rated Blitz game"]
[Site "?"]
[Date "2021.06.17"]
[Round "?"]
[White "bkara"]
[Black "RJDeighton"]
[Result "0-1"]
[WhiteElo "2517"]
[BlackElo "2418"]
[PlyCount "78"]
[EventDate "2021.??.??"]
[EventType "blitz"]

1. e4 e5 2. Nf3 Nc6 3. c3 d5 4. Qa4 f6 5. Bb5 Nge7 6. exd5 Qxd5 7. O-O Bd7 8.
d4 a6 9. Bc4 Qa5 10. Qb3 O-O-O 11. Nbd2 Nf5 12. d5 Nce7 13. Ne4 Ba4 14. Qb4
Qxb4 15. cxb4 Nxd5 16. Nc5 Bxc5 17. bxc5 Bb5 18. Bxb5 axb5 19. Re1 Nb4 20. Rf1
Nd3 21. b4 Nxb4 22. a4 bxa4 23. Rxa4 Na6 24. c6 Nd4 25. cxb7+ Kxb7 26. Be3
Nxf3+ 27. gxf3 Nb8 28. Rc1 Nc6 29. Rac4 Rd6 30. f4 Re8 31. fxe5 fxe5 32. Rc5
Rg6+ 33. Kf1 Re7 34. h4 Nd4 35. h5 Rb6 36. h6 gxh6 37. Rxe5 Rxe5 38. Bxd4 Rh5
39. Bxb6 Rh1+ {Normal} 0-1

[Event "Rated Blitz game"]
[Site "?"]
[Date "2021.06.17"]
[Round "?"]
[White "mandarria"]
[Black "Jokerlisto"]
[Result "1-0"]
[WhiteElo "2486"]
[BlackElo "2202"]
[PlyCount "33"]
[EventDate "2021.??.??"]
[EventType "blitz"]

1. e4 e5 2. Nf3 Nc6 3. c3 Nf6 4. d4 Nxe4 5. d5 Bc5 6. dxc6 Bxf2+ 7. Ke2 f5 8.
Qd5 d6 9. cxb7 Bxb7 10. Qxb7 O-O 11. Be3 Bxe3 12. Kxe3 Nc5 13. Qc6 e4 14. Nd4
Qg5+ 15. Kf2 Qc1 16. Bc4+ Kh8 17. Rxc1 {Normal} 1-0

[Event "Rated Blitz game"]
[Site "?"]
[Date "2021.06.17"]
[Round "?"]
[White "mikromurks"]
[Black "Dima1103"]
[Result "1-0"]
[WhiteElo "2452"]
[BlackElo "2526"]
[PlyCount "67"]
[EventDate "2021.??.??"]
[EventType "blitz"]

1. e4 e5 2. Nf3 Nc6 3. c3 Nf6 4. d4 exd4 5. e5 Ne4 6. Bd3 d5 7. cxd4 Bg4 8. Bb5
Bb4+ 9. Nbd2 O-O 10. Bxc6 bxc6 11. O-O Ng5 12. Qb3 Bxd2 13. Nxd2 Ne6 14. Qc3 c5
15. dxc5 d4 16. Qg3 Bh5 17. Nb3 Qd5 18. Bd2 Rab8 19. Rac1 c6 20. f4 Be2 21. Rf2
d3 22. f5 Nd4 23. f6 g6 24. Nxd4 Qxd4 25. Qg5 Kh8 26. Be3 Qg4 27. Qh6 Rg8 28.
h3 Qh5 29. Qf4 Rxb2 30. e6 d2 31. Bxd2 fxe6 32. f7 Rf8 33. Bc3+ e5 34. Bxe5+ {
Time forfeit} 1-0

[Event "Rated Blitz game"]
[Site "?"]
[Date "2021.06.17"]
[Round "?"]
[White "guilleso"]
[Black "farabilam"]
[Result "0-1"]
[WhiteElo "2421"]
[BlackElo "2404"]
[PlyCount "116"]
[EventDate "2021.??.??"]
[EventType "blitz"]

1. e4 e5 2. Nf3 Nc6 3. c3 d5 4. Qa4 Bd7 5. exd5 Nd4 6. Qd1 Nxf3+ 7. Qxf3 Bd6 8.
d3 f5 9. Be2 Nf6 10. Bg5 O-O 11. Nd2 b5 12. O-O h6 13. Bxf6 Qxf6 14. Rfe1 g5
15. Bf1 g4 16. Qd1 Qh4 17. g3 Qg5 18. Bg2 Rae8 19. a4 a6 20. axb5 axb5 21. c4
h5 22. Qc1 h4 23. c5 Be7 24. Rxe5 Bf6 25. Rxe8 Rxe8 26. c6 Bc8 27. Nf1 Qg7 28.
Ra8 Be5 29. Qd2 Bxb2 30. d6 cxd6 31. Bd5+ Kh7 32. gxh4 Be5 33. Qg5 Qxg5 34.
hxg5 Rh8 35. Rb8 Kg6 36. Ng3 Kxg5 37. Rxb5 f4 38. Ne4+ Kg6 39. c7 f3 40. Ng3
Kf6 41. Rb8 Ke7 42. Bb7 Kd7 43. Bxc8+ Rxc8 44. Rxc8 Kxc8 45. h3 Bxg3 46. fxg3
gxh3 47. g4 Kxc7 48. g5 Kd7 49. Kh2 f2 50. g6 Ke6 51. Kxh3 f1=Q+ 52. Kg4 Qxd3
53. g7 Kf7 54. g8=Q+ Kxg8 55. Kf4 Qd4+ 56. Kf3 Qe5 57. Kf2 d5 58. Kf3 d4 {
Time forfeit} 0-1

[Event "Rated Blitz game"]
[Site "?"]
[Date "2021.06.17"]
[Round "?"]
[White "Mortinho"]
[Black "VizeDietze"]
[Result "1-0"]
[WhiteElo "2417"]
[BlackElo "2452"]
[PlyCount "41"]
[EventDate "2021.??.??"]
[EventType "blitz"]

1. e4 e5 2. Nf3 Nc6 3. c3 d5 4. Qa4 dxe4 5. Nxe5 Bd7 6. Nxd7 Qxd7 7. Qxe4+ Be7
8. Bc4 Nf6 9. Qf3 Ne5 10. Qxb7 O-O 11. Be2 Rab8 12. Qxa7 Rb6 13. d4 Nc6 14. Qa4
Qe6 15. Be3 Nd5 16. Bc4 Bg5 17. Bxd5 Qxd5 18. O-O Rxb2 19. c4 Qf5 20. Qxc6 Rb6
21. Qf3 {Normal} 1-0

[Event "Rated Blitz game"]
[Site "?"]
[Date "2021.06.17"]
[Round "?"]
[White "AlexeyLV"]
[Black "kvadrik"]
[Result "1-0"]
[WhiteElo "2539"]
[BlackElo "2550"]
[PlyCount "95"]
[EventDate "2021.??.??"]
[EventType "blitz"]

1. e4 e5 2. Nf3 Nc6 3. c3 d5 4. Qa4 dxe4 5. Nxe5 Bd7 6. Nxd7 Qxd7 7. Qxe4+ Qe7
8. Qxe7+ Bxe7 9. Bb5 O-O-O 10. d4 Bd6 11. O-O Nge7 12. Bg5 f6 13. Bh4 Nf5 14.
Bg3 Nxg3 15. hxg3 Ne7 16. Nd2 c6 17. Bc4 Nd5 18. Bxd5 cxd5 19. Rfe1 h5 20. Nf1
h4 21. gxh4 Rxh4 22. g3 Rh7 23. Ne3 Rdh8 24. Nxd5 Kd7 25. Kg2 Rh2+ 26. Kf3 g5
27. Ne3 f5 28. Nxf5 Rf8 29. g4 Bf4 30. Rh1 Rfh8 31. Rxh2 Rxh2 32. Re1 Rh3+ 33.
Kg2 Rd3 34. Re7+ Kc6 35. Re2 Rd1 36. b3 b5 37. c4 bxc4 38. bxc4 Rc1 39. c5 Kd5
40. Re8 Rc2 41. Rd8+ Kc6 42. d5+ Kc7 43. Ra8 Rxc5 44. Rxa7+ Kb8 45. Rd7 Kc8 46.
Rh7 Kd8 47. d6 Ra5 48. Nd4 {Normal} 1-0

[Event "Rated Blitz game"]
[Site "?"]
[Date "2021.06.17"]
[Round "?"]
[White "Arno_Dorian"]
[Black "Tlusty_Lenochod"]
[Result "0-1"]
[WhiteElo "2368"]
[BlackElo "2401"]
[PlyCount "96"]
[EventDate "2021.??.??"]
[EventType "blitz"]

1. e4 e5 2. Nf3 Nc6 3. c3 Nf6 4. d4 Nxe4 5. d5 Bc5 6. dxc6 Bxf2+ 7. Ke2 Bb6 8.
Qd5 Nf2 9. cxb7 Bxb7 10. Qxb7 Nxh1 11. Bg5 f6 12. Bh4 O-O 13. Nbd2 d5 14. g3
Nf2 15. a4 a5 16. Bg2 Kh8 17. Rf1 Ng4 18. Bh3 Ne3 19. Re1 Qd6 20. Nf1 Nxf1 21.
Kxf1 Rfb8 22. Qxa8 Rxa8 23. g4 c5 24. g5 e4 25. Bg3 Qe7 26. Nh4 fxg5 27. Nf5
Rf8 28. Kg2 Qf6 29. Rf1 Qd8 30. Ne3 Rxf1 31. Kxf1 d4 32. Nc4 d3 33. Ke1 Bc7 34.
Kd2 Bxg3 35. hxg3 Qd5 36. Ne3 Qb3 37. Kc1 c4 38. Kd2 Qxa4 39. Nd1 Qa1 40. g4
Qb1 41. Bf1 Qc2+ 42. Ke1 d2+ 43. Ke2 Qc1 44. Bg2 a4 45. Bxe4 Kg8 46. Bf5 Kf8
47. Be6 Ke7 48. Bxc4 Kd6 {Time forfeit} 0-1

[Event "Rated Blitz game"]
[Site "?"]
[Date "2021.06.17"]
[Round "?"]
[White "Kanthecarowin"]
[Black "Ruchess27"]
[Result "1-0"]
[WhiteElo "2427"]
[BlackElo "2410"]
[PlyCount "67"]
[EventDate "2021.??.??"]
[EventType "blitz"]

1. e4 e5 2. Nf3 Nc6 3. c3 d5 4. Qa4 dxe4 5. Nxe5 Bd7 6. Nxd7 Qxd7 7. Qxe4+ Be7
8. Bb5 Nf6 9. Qe2 a6 10. Bxc6 Qxc6 11. O-O Rd8 12. d4 Rd6 13. Be3 O-O 14. Nd2
Nd5 15. Rfe1 Rg6 16. Nf3 Bd6 17. c4 Nf4 18. Bxf4 Bxf4 19. Rad1 h5 20. g3 Bh6
21. Ne5 Qf6 22. Nxg6 Qxg6 23. Qe4 Qb6 24. b3 Rd8 25. h4 Qa5 26. Re2 Qc3 27. d5
b5 28. Qe7 Rd6 29. Qxc7 Rg6 30. Qc8+ Kh7 31. Qf5 bxc4 32. bxc4 Qxc4 33. Rc2 Qa4
34. d6 {Normal} 1-0

[Event "Rated Blitz game"]
[Site "?"]
[Date "2021.06.17"]
[Round "?"]
[White "Baluk"]
[Black "nickspyro13"]
[Result "0-1"]
[WhiteElo "2342"]
[BlackElo "2436"]
[PlyCount "50"]
[EventDate "2021.??.??"]
[EventType "blitz"]

1. e4 e5 2. Nf3 Nc6 3. c3 d5 4. Qa4 f6 5. Bb5 Qd6 6. O-O Bd7 7. Qc2 a6 8. Ba4
dxe4 9. Qxe4 O-O-O 10. d4 exd4 11. cxd4 Nxd4 12. Bxd7+ Qxd7 13. Nc3 Nxf3+ 14.
Qxf3 Bd6 15. Be3 Ne7 16. Rac1 Qf5 17. Qe2 Ng6 18. b4 Rhe8 19. b5 a5 20. Na4 Qe4
21. Qe1 Qxa4 22. Qc3 Qe4 23. Rfd1 Nh4 24. Kf1 Qxg2+ 25. Ke1 Bb4 {Normal} 0-1

[Event "Rated Blitz game"]
[Site "?"]
[Date "2021.06.17"]
[Round "?"]
[White "Bibekthing"]
[Black "SayantanChess943"]
[Result "1-0"]
[WhiteElo "2471"]
[BlackElo "2427"]
[PlyCount "35"]
[EventDate "2021.??.??"]
[EventType "blitz"]

1. e4 e5 2. Nf3 Nc6 3. c3 Nf6 4. d4 d6 5. dxe5 Nxe5 6. Nxe5 dxe5 7. Qxd8+ Kxd8
8. f3 Bd6 9. Be3 Ke7 10. Nd2 Be6 11. Nc4 Bxc4 12. Bxc4 Nd7 13. O-O-O f6 14. Rd2
Rhd8 15. Rhd1 Nb6 16. Bb3 Kf8 17. a4 a5 18. Bxb6 {Normal} 1-0

[Event "Rated Blitz game"]
[Site "?"]
[Date "2021.06.17"]
[Round "?"]
[White "MyMainManMaxEuwe"]
[Black "champyinz21"]
[Result "0-1"]
[WhiteElo "2384"]
[BlackElo "2431"]
[PlyCount "50"]
[EventDate "2021.??.??"]
[EventType "blitz"]

1. e4 e5 2. Nf3 Nc6 3. c3 Nf6 4. d4 exd4 5. e5 Ne4 6. cxd4 d5 7. Nc3 Bb4 8. Bd2
O-O 9. Nxe4 dxe4 10. Bxb4 Nxb4 11. a3 exf3 12. axb4 fxg2 13. Bxg2 Qe7 14. Qd2
c6 15. O-O Bf5 16. Ra3 a6 17. Rc1 Rad8 18. Rc5 Bg6 19. f4 Rfe8 20. Rf3 Qd7 21.
d5 cxd5 22. Bh3 Bf5 23. Bxf5 Qxf5 24. Rxd5 Rc8 25. Rg3 Qb1+ {Normal} 0-1

[Event "Rated Blitz game"]
[Site "?"]
[Date "2021.06.17"]
[Round "?"]
[White "Peetrhans"]
[Black "superguti"]
[Result "0-1"]
[WhiteElo "2375"]
[BlackElo "2424"]
[PlyCount "76"]
[EventDate "2021.??.??"]
[EventType "blitz"]

1. e4 e5 2. Nf3 Nc6 3. c3 Nf6 4. Qc2 Bc5 5. b4 Bxf2+ 6. Kxf2 d5 7. exd5 Qxd5 8.
d3 O-O 9. h3 e4 10. dxe4 Nxe4+ 11. Kg1 Ng3 12. Be3 Bf5 13. Qd2 Qe6 14. Qf2 Nxh1
15. Kxh1 Rad8 16. Nbd2 Rfe8 17. Bf4 h6 18. a4 a6 19. b5 axb5 20. axb5 Ne7 21.
Bxc7 Rc8 22. Be5 Nd5 23. c4 Nf6 24. c5 Ne4 25. Nxe4 Bxe4 26. Bd4 Rcd8 27. Re1
Qd5 28. Be3 f5 29. Qg3 g5 30. Nxg5 hxg5 31. Qxg5+ Kf7 32. Be2 Rh8 33. Bh5+ Rxh5
34. Qxh5+ Ke6 35. Qg6+ Kd7 36. Kh2 Rg8 37. Qh7+ Kc8 38. g3 Qa2+ {Normal} 0-1

[Event "Rated Blitz game"]
[Site "?"]
[Date "2021.06.17"]
[Round "?"]
[White "Arno_Dorian"]
[Black "captain_flagonearth"]
[Result "0-1"]
[WhiteElo "2360"]
[BlackElo "2404"]
[PlyCount "72"]
[EventDate "2021.??.??"]
[EventType "blitz"]

1. e4 e5 2. Nf3 Nc6 3. c3 Nf6 4. d4 exd4 5. e5 Nd5 6. cxd4 Bb4+ 7. Bd2 Bxd2+ 8.
Qxd2 d6 9. Bc4 Nb6 10. Bb3 O-O 11. O-O Bg4 12. exd6 Qxd6 13. Ne5 Nxe5 14. dxe5
Qxe5 15. Nc3 Rad8 16. Qc2 Bf5 17. Qe2 Qxe2 18. Nxe2 Rfe8 19. Ng3 Be6 20. Rfd1
Rxd1+ 21. Rxd1 Bxb3 22. axb3 c6 23. Kf1 Nd5 24. Nf5 g6 25. Nd6 Re7 26. Re1
Rxe1+ 27. Kxe1 b6 28. Nc8 a5 29. Kd2 Kf8 30. g3 Ke8 31. Kd3 Kd7 32. Na7 Kc7 33.
Kd4 Nb4 34. Ke5 Kb7 35. Nxc6 Kxc6 36. Kf6 Nd3 {Normal} 0-1

[Event "Rated Blitz game"]
[Site "?"]
[Date "2021.06.17"]
[Round "?"]
[White "mikromurks"]
[Black "CleverKenkz"]
[Result "0-1"]
[WhiteElo "2458"]
[BlackElo "2568"]
[PlyCount "94"]
[EventDate "2021.??.??"]
[EventType "blitz"]

1. e4 e5 2. Nf3 Nc6 3. c3 d5 4. Qa4 dxe4 5. Nxe5 Qd5 6. Bb5 Nge7 7. Bxc6+ Nxc6
8. Nxc6 bxc6 9. O-O Bd6 10. Re1 f5 11. d4 O-O 12. Nd2 Bd7 13. Qc4 Kh8 14. Qxd5
cxd5 15. c4 c6 16. c5 Bc7 17. Rb1 Rab8 18. Nb3 a5 19. Bd2 a4 20. Na5 Rb5 21. b4
axb3 22. Nxb3 Ra8 23. Rb2 h6 24. h4 Ra4 25. Bc3 f4 26. Reb1 Bd8 27. g3 fxg3 28.
fxg3 Rc4 29. Be1 e3 30. Re2 Bf6 31. Kg2 Bf5 32. Rd1 Bg4 33. Kf1 Bxe2+ 34. Kxe2
Rc2+ 35. Kxe3 Rxa2 36. Nd2 Ra3+ 37. Ke2 Bxd4 38. Nf3 Rb2+ 39. Rd2 Re3+ 40. Kd1
Rb1+ 41. Kc2 Rb2+ 42. Kd1 Rxd2+ 43. Nxd2 Bxc5 44. Bf2 Rc3 45. Nb1 Rc4 46. Nd2
Bxf2 47. Nxc4 dxc4 {Normal} 0-1

[Event "Rated Blitz game"]
[Site "?"]
[Date "2021.06.17"]
[Round "?"]
[White "PetrKostenko"]
[Black "ypooo"]
[Result "0-1"]
[WhiteElo "2692"]
[BlackElo "2495"]
[PlyCount "82"]
[EventDate "2021.??.??"]
[EventType "blitz"]

1. e4 e5 2. Nf3 Nc6 3. c3 Nf6 4. d3 d5 5. Nbd2 Be7 6. Be2 O-O 7. O-O h6 8. b4
a6 9. Bb2 Re8 10. Re1 Bf8 11. Bf1 g6 12. Qc2 Bg7 13. a4 b6 14. b5 axb5 15. axb5
Rxa1 16. Rxa1 Na5 17. exd5 Nxd5 18. g3 Bb7 19. Re1 Qd6 20. Bg2 c5 21. bxc6 Bxc6
22. Rd1 Qc7 23. c4 Ne7 24. Bc3 Nf5 25. Re1 Bb7 26. Qb2 Nc6 27. d4 f6 28. d5 Na5
29. Bxa5 bxa5 30. Rc1 Bf8 31. Ne4 Rc8 32. Nxf6+ Kh8 33. Ne4 Bg7 34. d6 Nxd6 35.
Nxd6 Bxf3 36. Bxf3 Qxd6 37. Be4 a4 38. Qc2 a3 39. Bxg6 a2 40. Be4 Qa6 41. Qd1
Bf6 {Time forfeit} 0-1

[Event "Rated Blitz game"]
[Site "?"]
[Date "2021.06.16"]
[Round "?"]
[White "Mulika13"]
[Black "Prince_Akiba"]
[Result "0-1"]
[WhiteElo "2551"]
[BlackElo "2582"]
[PlyCount "62"]
[EventDate "2021.??.??"]
[EventType "blitz"]

1. e4 e5 2. Nf3 Nc6 3. c3 Nf6 4. d4 exd4 5. e5 Ne4 6. cxd4 d6 7. Bb5 d5 8. h3
Bb4+ 9. Nbd2 O-O 10. O-O Ne7 11. Bd3 Bxd2 12. Bxd2 f5 13. Bb4 Be6 14. Rc1 h6
15. Qc2 c6 16. Ne1 Rf7 17. f3 Ng3 18. Rf2 Ng6 19. Qd2 Qh4 20. f4 Ne4 21. Qe3
Qxf2+ 22. Qxf2 Nxf2 23. Kxf2 Nxf4 24. Bf1 a5 25. Bd2 Ng6 26. Nd3 f4 27. Nc5 Nf8
28. h4 g5 29. hxg5 hxg5 30. Bd3 Bf5 31. Be2 Ne6 {Normal} 0-1

[Event "Rated Blitz game"]
[Site "?"]
[Date "2021.06.16"]
[Round "?"]
[White "Andrei196"]
[Black "Anyinsaman"]
[Result "0-1"]
[WhiteElo "2375"]
[BlackElo "2448"]
[PlyCount "50"]
[EventDate "2021.??.??"]
[EventType "blitz"]

1. e4 e5 2. Nf3 Nc6 3. c3 Nf6 4. d4 exd4 5. e5 Ne4 6. Qe2 d5 7. exd6 f5 8. Nxd4
Nxd4 9. cxd4 Bxd6 10. f3 Qh4+ 11. Kd1 O-O 12. fxe4 fxe4 13. Qc4+ Kh8 14. Be3
Bg4+ 15. Kc2 c5 16. dxc5 Rac8 17. Nd2 Bxc5 18. Bxc5 Rxc5 19. Qxc5 Rc8 20. Qxc8+
Bxc8 21. Be2 e3 22. Nb3 Qf2 23. Rae1 Bf5+ 24. Kc1 Qxg2 25. Rhf1 Qc6+ {Normal}
0-1

[Event "Rated Blitz game"]
[Site "?"]
[Date "2021.06.16"]
[Round "?"]
[White "Bibekthing"]
[Black "arzun"]
[Result "1-0"]
[WhiteElo "2488"]
[BlackElo "2229"]
[PlyCount "39"]
[EventDate "2021.??.??"]
[EventType "blitz"]

1. e4 e5 2. Nf3 Nc6 3. c3 Nf6 4. d4 exd4 5. e5 Ne4 6. Qe2 Nc5 7. cxd4 Na6 8. d5
Bb4+ 9. Bd2 Bxd2+ 10. Nbxd2 Ne7 11. d6 Ng6 12. Qe4 O-O 13. Bxa6 cxd6 14. O-O
dxe5 15. Bc4 Qc7 16. Rac1 Qa5 17. Bb3 Kh8 18. Nc4 Qb4 19. Qd5 a5 20. Nd6 {
Normal} 1-0

[Event "Rated Blitz game"]
[Site "?"]
[Date "2021.06.16"]
[Round "?"]
[White "Penguin_gm"]
[Black "Charcot3"]
[Result "1-0"]
[WhiteElo "2472"]
[BlackElo "2457"]
[PlyCount "97"]
[EventDate "2021.??.??"]
[EventType "blitz"]

1. e4 e5 2. Nf3 Nc6 3. c3 d5 4. Qa4 f6 5. d3 Be6 6. Be2 Bc5 7. b4 Bb6 8. O-O
Nge7 9. Nbd2 O-O 10. Qc2 d4 11. Bb2 dxc3 12. Bxc3 Qd7 13. Nc4 Nd4 14. Nxd4 Bxd4
15. a4 Bxc3 16. Qxc3 Nc6 17. Rfc1 Nd4 18. Bf1 Rfd8 19. b5 a6 20. b6 c6 21. Rab1
Bxc4 22. Qxc4+ Qe6 23. Rd1 Kf7 24. f3 Qxc4 25. dxc4 c5 26. a5 Rd6 27. Rd3 Rad8
28. Rbd1 Ke7 29. Kf2 Nc6 30. Rd5 Nxa5 31. Ke3 Nc6 32. Rc1 Nb4 33. Rxc5 Rd2 34.
Rc7+ Ke6 35. Rxb7 Nc2+ 36. Rxc2 Rxc2 37. Rxg7 Rc3+ 38. Kf2 Rd2+ 39. Kg3 Rb2 40.
b7 a5 41. Rc7 a4 42. c5 a3 43. Rc8 a2 44. Ra8 Rxc5 45. b8=Q Rxb8 46. Rxa2 Rb1
47. Ra6+ Kf7 48. Bd3 Kg6 49. Bxb1 {Normal} 1-0

[Event "Rated Blitz game"]
[Site "?"]
[Date "2021.06.16"]
[Round "?"]
[White "sahmat1974"]
[Black "vitezizgorobilja"]
[Result "0-1"]
[WhiteElo "2211"]
[BlackElo "2436"]
[PlyCount "144"]
[EventDate "2021.??.??"]
[EventType "blitz"]

1. e4 e5 2. Nf3 Nc6 3. c3 Nf6 4. d3 Bc5 5. h3 a6 6. Be3 Qe7 7. Be2 O-O 8. O-O
Bxe3 9. fxe3 d5 10. exd5 Nxd5 11. Qd2 e4 12. Nd4 exd3 13. Nxc6 bxc6 14. Bxd3
Qxe3+ 15. Qxe3 Nxe3 16. Rf2 Rd8 17. Bc2 Nxc2 18. Rxc2 Rd1+ 19. Kf2 Bf5 20. Re2
Rxb1 21. Rxb1 Bxb1 22. a3 Kf8 23. b4 Bf5 24. g4 Be6 25. Ke3 Rd8 26. Ke4 Bc4 27.
Re3 f6 28. Kf4 Kf7 29. h4 Rd3 30. Rxd3 Bxd3 31. a4 Ke6 32. Ke3 Bc2 33. Kd4 Bxa4
34. Kc5 Kd7 35. c4 Bd1 36. g5 fxg5 37. hxg5 h5 38. Kd4 Ke6 39. Ke3 Kf5 40. Kd2
Bb3 41. b5 cxb5 42. c5 Bd5 43. c6 Bxc6 44. Ke3 Ke5 45. g6 Be4 46. Kf2 c5 47.
Kg3 Bxg6 48. Kh4 Kf4 49. Kh3 Kg5 50. Kg3 Be4 51. Kh3 h4 52. Kh2 Kg4 53. Kg1 Bd3
54. Kh2 g5 55. Kh1 Kg3 56. Kg1 g4 57. Kh1 h3 58. Kg1 Kf3 59. Kh1 g3 60. Kg1 Ke2
61. Kh1 a5 62. Kg1 a4 63. Kh1 a3 64. Kg1 b4 65. Kh1 c4 66. Kg1 c3 67. Kh1 c2
68. Kg1 b3 69. Kh1 a2 70. Kg1 b2 71. Kh1 Be4+ 72. Kg1 h2# {Normal} 0-1

[Event "Rated Blitz game"]
[Site "?"]
[Date "2021.06.16"]
[Round "?"]
[White "mikromurks"]
[Black "forbiddencheapos"]
[Result "1-0"]
[WhiteElo "2447"]
[BlackElo "2384"]
[PlyCount "35"]
[EventDate "2021.??.??"]
[EventType "blitz"]

1. e4 e5 2. Nf3 Nc6 3. c3 d6 4. d4 Be7 5. Bc4 Nf6 6. Nbd2 O-O 7. h3 exd4 8.
cxd4 d5 9. exd5 Nxd5 10. O-O Be6 11. Ne4 Ne3 12. Bxe3 Bxc4 13. Re1 f5 14. Nc3
f4 15. Bc1 Nb4 16. Ne5 Bd5 17. a3 Nc6 18. Nxd5 {Normal} 1-0

[Event "Rated Blitz game"]
[Site "?"]
[Date "2021.06.16"]
[Round "?"]
[White "Imississi"]
[Black "Danya-Khalimov_2004"]
[Result "1-0"]
[WhiteElo "2373"]
[BlackElo "2403"]
[PlyCount "81"]
[EventDate "2021.??.??"]
[EventType "blitz"]

1. e4 e5 2. Nf3 Nc6 3. c3 d5 4. Qa4 d4 5. Nxe5 Bd7 6. Nxd7 Qxd7 7. Bb5 Rd8 8.
O-O Bc5 9. b4 Bb6 10. Bxc6 bxc6 11. cxd4 Bxd4 12. Nc3 Nf6 13. e5 Nd5 14. Bb2
Nf4 15. Rae1 Qg4 16. Qxc6+ Kf8 17. g3 Rd5 18. Nxd5 Qf3 19. Nxf4 Qxc6 20. Bxd4
h5 21. e6 h4 22. Bc5+ Kg8 23. exf7+ Kxf7 24. Re7+ Kf6 25. Re6+ Qxe6 26. Nxe6
Kxe6 27. Re1+ Kd5 28. gxh4 Rxh4 29. Re3 Kc4 30. Rg3 Rh7 31. Rg4+ Kb5 32. Bxa7
Ka4 33. Bc5 Ka3 34. b5+ Kxa2 35. Rc4 Kb1 36. Be3 g6 37. Bf4 Rh5 38. Bxc7 Rxb5
39. d4 Kb2 40. Rc6 Kb3 41. Rb6 {Normal} 1-0

[Event "Rated Blitz tournament O3nJhpUX"]
[Site "?"]
[Date "2021.06.16"]
[Round "?"]
[White "AlgebraTeen"]
[Black "Kelvinking"]
[Result "1-0"]
[WhiteElo "2417"]
[BlackElo "2206"]
[PlyCount "127"]
[EventDate "2021.??.??"]
[EventType "blitz"]

1. e4 e5 2. Nf3 Nc6 3. c3 d5 4. Qa4 dxe4 5. Nxe5 Bd7 6. Nxd7 Qxd7 7. Qxe4+ Be7
8. Bb5 Nf6 9. Bxc6 bxc6 10. Qe2 O-O 11. O-O Rfe8 12. d4 Bd6 13. Qf3 Ng4 14. h3
Nf6 15. Bf4 Qf5 16. Bxd6 Qxf3 17. gxf3 cxd6 18. Na3 Re2 19. Rab1 Rae8 20. Nc4
d5 21. Ne5 Re6 22. Rfe1 Rc2 23. Kf1 Nh5 24. Nd3 Rxe1+ 25. Rxe1 Kf8 26. Re2 Rxe2
27. Kxe2 Ke7 28. Ne5 Nf4+ 29. Ke3 Nxh3 30. Nxc6+ Kd6 31. Nxa7 Ng5 32. Nb5+ Kc6
33. a4 Ne6 34. b4 h5 35. f4 h4 36. Kf3 f6 37. Na3 g5 38. fxg5 fxg5 39. Nc2 h3
40. Kg3 Nf4 41. Ne3 Ne2+ 42. Kxh3 Nxc3 43. Kg4 Nxa4 44. Kxg5 Nc3 45. f4 Ne2 46.
Nc2 Kd6 47. f5 Ke7 48. f6+ Kf7 49. b5 Nc3 50. b6 Ne4+ 51. Kf5 Nxf6 52. b7 Nd7
53. Nb4 Ke7 54. Nc6+ Kd6 55. b8=Q+ Nxb8 56. Nxb8 Kc7 57. Ke6 Kxb8 58. Kxd5 Kc7
59. Ke6 Kc8 60. Kd6 Kd8 61. d5 Ke8 62. Kc7 Ke7 63. d6+ Ke6 64. d7 {Normal} 1-0